000 00302nam a2200133Ia 4500
008 150301s2015 xx 000 0 und d
082 _a615.34
_bP10K
100 _aN. KUMAR
245 2 _aA TB OF PHARMACOGNOSY
260 _bAITBS DELHI
300 _a402
650 _aPHARMACOLOGY
942 _2ddc
_cBK
_09
999 _c7108
_d7108